| 000 | 00741nam0a22002531 4500 | ||
|---|---|---|---|
| 001 | rc\1062978 | ||
| 005 | 20250622095245.0 | ||
| 035 | _a(NLR Aleph) 006223558 | ||
| 090 |
_a6495970 _c6495970 |
||
| 100 | _a20041129d1980 |||y0rusy50 ca | ||
| 101 | 0 | _arus | |
| 102 | _aRU | ||
| 105 | _aa ||||||||| | ||
| 200 | 1 | _aСлавгород | |
| 205 | _a2-е изд., перераб. и доп. | ||
| 210 |
_aБарнаул _cАлт. кн. изд-во _d1980 |
||
| 215 |
_a144 с., 16 л. ил. _d17 |
||
| 300 | _aНа обл. авт. не указан | ||
| 700 | 1 |
_aЖемеров _bВ.Г. _gВладимир Герасимович |
|
| 801 | 0 |
_aRU _bNLR _gpsbo |
|
| 801 | 1 |
_aRU _bELAR _2rusmarc |
|
| 852 |
_aNLR _j81-2/487 |
||
| 942 | _cBOOK | ||
| 980 | _aNB | ||